[Event "Washington op 10th"]
[Site "Rockville"]
[Date "2023.08.14"]
[Round "6"]
[White "Titus, Andrew L"]
[Black "Adewumi, Tanitoluwa"]
[Result "1/2-1/2"]
[WhiteElo "2153"]
[BlackElo "2277"]
[PlyCount "115"]
[EventDate "2023.08.12"]
[EventType "swiss"]
[EventRounds "9"]
[EventCountry "USA"]
[SourceTitle "CBM 215 Extra"]
[Source "ChessBase"]
[SourceDate "2023.09.30"]
[SourceVersion "1"]
[SourceVersionDate "2023.09.30"]
[SourceQuality "1"]

1. e4 c5 2. Nf3 Nc6 3. d4 cxd4 4. Nxd4 Nf6 5. Nc3 e6 6. g3 Bb4 7. Bg2 d5 8. exd5 exd5 9. 0-0 0-0 10. Bg5 Bxc3 11. bxc3 h6 12. Bxf6 Qxf6 13. Bxd5 Ne5 14. f4 Ng4 15. Qf3 Qe7 16. Rfe1 Qc5 17. Rab1 Rb8 18. Rb5 Qc7 19. Qd3 Bd7 20. Rbb1 b6 21. h3 Nf6 22. Bg2 Rbc8 23. Re3 Rfd8 24. Rf1 Ba4 25. Qa6 Qd7 26. Kh2 Rc5 27. Rfe1 Ra5 28. Qd3 Qc8 29. Re5 Rc5 30. R1e3 Bxc2 31. Rxc5 Qxc5 32. Qa6 Bb1 33. Qxa7 h5 34. Qe7 Qxe7 35. Rxe7 Bxa2 36. Rb7 Rd6 37. Bc6 Nd5 38. Bxd5 Bxd5 39. Nf5 Bxb7 40. Nxd6 Ba6 41. g4 hxg4 42. hxg4 Kf8 43. Kg3 Ke7 44. Nf5+ Kf6 45. Nd4 Bc8 46. g5+ Ke7 47. Kf3 Kd6 48. Ke4 Kc5 49. Kd3 Ba6+ 50. Kd2 Kd5 51. Ke3 Bf1 52. Nf5 g6 53. Nh6 Ke6 54. Kd4 Bg2 55. c4 Bb7 56. Kc3 Ke7 57. Kb4 Bc6 58. c5 1/2-1/2

[Event "Titled Tuesday intern op 02nd Aug Late"]
[Site "Chess.com INT"]
[Date "2022.08.02"]
[Round "6"]
[White "Domingo Nunez, Ruben"]
[Black "Titus, Andrew L"]
[Result "1-0"]
[WhiteElo "2361"]
[BlackElo "2120"]
[PlyCount "139"]
[EventDate "2022.08.02"]
[EventType "swiss (blitz)"]
[EventRounds "11"]
[EventCountry "USA"]
[SourceTitle "EXT 2023"]
[Source "ChessBase"]
[SourceDate "2022.10.05"]
[SourceVersion "1"]
[SourceVersionDate "2022.10.05"]
[SourceQuality "1"]

1. c4 e6 2. Nf3 Nf6 3. b3 d5 4. Bb2 Be7 5. e3 0-0 6. Be2 b6 7. 0-0 Bb7 8. Nc3 Nbd7 9. Rc1 c5 10. cxd5 Nxd5 11. d4 cxd4 12. Nxd4 N7f6 13. Bf3 Nxc3 14. Bxc3 Bxf3 15. Qxf3 Qd5 16. Nc6 Ba3 17. Rcd1 Qxf3 18. gxf3 Nd5 19. Ba1 Rfc8 20. Nd4 Be7 21. Rc1 Nb4 22. a3 Nd3 23. Rcd1 Ne5 24. b4 Nc4 25. Rd3 Rd8 26. Rc1 Rac8 27. Rdc3 Nd6 28. Nc6 Bf6 29. R3c2 Re8 30. Bxf6 gxf6 31. Nxa7 Rxc2 32. Rxc2 Ra8 33. Rc7 b5 34. Kg2 Kf8 35. Rd7 Nc4 36. Nxb5 Rb8 37. Nd6 Nxa3 38. Rxf7+ Kg8 39. Rxf6 Rxb4 40. Rxe6 Rb8 41. Nf5 Kf7 42. Ra6 Nc4 43. f4 Rb2 44. Nd6+ Nxd6 45. Rxd6 Kg7 46. Kf3 Rb5 47. h4 Ra5 48. Rd3 Kf6 49. e4 h5 50. Rd6+ Kg7 51. f5 Ra3+ 52. Kf4 Rh3 53. Rg6+ Kf7 54. Kg5 Rf3 55. Kxh5 Rxf2 56. Kg4 Rg2+ 57. Kf4 Rxg6 58. fxg6+ Kxg6 59. Ke5 Kh5 60. Kd6 Kxh4 61. e5 Kg5 62. e6 Kg6 63. e7 Kg7 64. Kd7 Kh7 65. e8Q Kg7 66. Qe6 Kf8 67. Qe7+ Kg8 68. Ke6 Kh8 69. Kf6 Kg8 70. Qg7# 1-0

[Event "Titled Tuesday intern op 02nd Aug Late"]
[Site "Chess.com INT"]
[Date "2022.08.02"]
[Round "8"]
[White "Titus, Andrew L"]
[Black "Gatterer, Florian"]
[Result "1-0"]
[WhiteElo "2120"]
[BlackElo "2167"]
[PlyCount "49"]
[EventDate "2022.08.02"]
[EventType "swiss (blitz)"]
[EventRounds "11"]
[EventCountry "USA"]
[SourceTitle "EXT 2023"]
[Source "ChessBase"]
[SourceDate "2022.10.05"]
[SourceVersion "1"]
[SourceVersionDate "2022.10.05"]
[SourceQuality "1"]

1. e4 c5 2. Qg4 Nf6 3. Qh4 Nc6 4. c3 e6 5. Nf3 Be7 6. Qg3 0-0 7. e5 Ne4 8. Qf4 d5 9. d3 f6 10. dxe4 fxe5 11. Qe3 d4 12. Qd2 Bd7 13. Be2 Be8 14. Na3 Bg6 15. Qc2 a6 16. Nc4 Qc7 17. a4 b5 18. axb5 axb5 19. Rxa8 Rxa8 20. Na3 b4 21. Nc4 b3 22. Qxb3 Bxe4 23. Ncxe5 Bxf3 24. Qxe6+ Kh8 25. Nf7+ 1-0

[Event "Pan American Intercollegiate-chT"]
[Site "Dulles"]
[Date "2022.01.07"]
[Round "2.1"]
[White "Titus, Andrew L"]
[Black "Gazik, Viktor"]
[Result "0-1"]
[WhiteElo "2152"]
[BlackElo "2530"]
[PlyCount "102"]
[EventDate "2022.01.06"]
[EventType "team-swiss"]
[EventRounds "6"]
[EventCountry "USA"]
[SourceTitle "EXT 2023"]
[Source "ChessBase"]
[SourceDate "2022.10.05"]
[SourceVersion "1"]
[SourceVersionDate "2022.10.05"]
[SourceQuality "1"]
[WhiteTeam "Georgia Inst of Technology"]
[BlackTeam "Texas Rio Grande Valley Univ"]
[WhiteTeamCountry "USA"]
[BlackTeamCountry "USA"]

1. e4 c5 2. Nf3 d6 3. d4 cxd4 4. Nxd4 Nf6 5. Nc3 a6 6. h3 e5 7. Nde2 h5 8. g3 Be7 9. Bg2 b5 10. a4 b4 11. Nd5 a5 12. Be3 Nbd7 13. 0-0 Ba6 14. Re1 Rc8 15. f4 Nc5 16. Nc1 h4 17. g4 exf4 18. Bxf4 Nxd5 19. exd5 0-0 20. Be3 Bf6 21. Bd4 Nd3 22. Bxf6 Qb6+ 23. Kh2 Nxe1 24. Bd4 Qxd4 25. Qxd4 Rxc2 26. Qe4 Rxg2+ 27. Kh1 Rf2 28. Qxe1 Rf1+ 29. Qxf1 Bxf1 30. Nb3 Bc4 31. Nd4 Bxd5+ 32. Kg1 g6 33. Rd1 Rc8 34. Kf2 Rc4 35. Rd2 Rc1 36. Ne2 Rc5 37. Nd4 Kg7 38. Ke3 Bc4 39. Nf3 Rd5 40. Nd4 Re5+ 41. Kf2 Bd5 42. Nb5 Bc6 43. Nxd6 Bxa4 44. Nc4 Rc5 45. Ne3 Bb3 46. Rd7 Rc1 47. Ra7 a4 48. g5 Rb1 49. Ng4 Rxb2+ 50. Ke3 Rg2 51. Kf4 Rxg4+ 0-1

[Event "Titled Tuesday intern op 04th Jan"]
[Site "Chess.com INT"]
[Date "2022.01.04"]
[Round "5"]
[White "Concio, Michael Jr"]
[Black "Titus, Andrew L"]
[Result "1/2-1/2"]
[WhiteElo "2211"]
[BlackElo "2152"]
[PlyCount "142"]
[EventDate "2022.01.04"]
[EventType "swiss (blitz)"]
[EventRounds "11"]
[EventCountry "USA"]
[SourceTitle "EXT 2023"]
[Source "ChessBase"]
[SourceDate "2022.10.05"]
[SourceVersion "1"]
[SourceVersionDate "2022.10.05"]
[SourceQuality "1"]

1. Nf3 d5 2. c4 e6 3. b3 Nf6 4. Bb2 Be7 5. e3 0-0 6. Be2 b6 7. 0-0 Bb7 8. Qc2 Nbd7 9. d4 c5 10. Nbd2 Rc8 11. Rac1 Ne4 12. Nxe4 dxe4 13. Nd2 f5 14. f3 cxd4 15. Bxd4 e5 16. Bb2 Nc5 17. fxe4 Nxe4 18. Nxe4 Bxe4 19. Qc3 Bf6 20. Rcd1 Qc7 21. Bd3 Bxd3 22. Qxd3 e4 23. Qd5+ Qf7 24. Bxf6 Qxd5 25. Rxd5 Rxf6 26. Rfxf5 Rxf5 27. Rxf5 Rd8 28. Re5 Rd1+ 29. Kf2 Rd2+ 30. Kg3 Rxa2 31. b4 Ra4 32. Rb5 a5 33. Rxb6 Rxb4 34. c5 Rc4 35. c6 a4 36. Kf4 Kf7 37. Ke5 a3 38. Ra6 Rc3 39. Kd4 Rc2 40. Kxe4 Ke6 41. c7+ Kd7 42. Rxa3 Rxc7 43. Ra2 Ke7 44. g3 Rb7 45. Kd5 Rb5+ 46. Kc4 Rb7 47. Kd4 Rb4+ 48. Kd5 Rb5+ 49. Kc4 Rb7 50. Ra6 Rc7+ 51. Kd4 Rb7 52. Ke4 Rb4+ 53. Kf3 Rb7 54. h4 Kf7 55. Kf4 h6 56. h5 Rb5 57. g4 Rb1 58. e4 Rb5 59. Ra7+ Kf6 60. Ra6+ Kf7 61. Rc6 Ra5 62. Rc7+ Kf6 63. Rb7 Rc5 64. e5+ Rxe5 65. Rxg7 Rxh5 66. Ra7 Rh1 67. Ra6+ Kg7 68. Ra7+ Kg6 69. Ra6+ Kg7 70. Ra7+ Kg6 71. Ra6+ Kg7 1/2-1/2

[Event "Titled Tuesday intern op 28th Dec"]
[Site "Chess.com INT"]
[Date "2021.12.28"]
[Round "7"]
[White "Aslanov, Umid Fuad"]
[Black "Titus, Andrew L"]
[Result "0-1"]
[WhiteElo "2187"]
[BlackElo "2161"]
[PlyCount "164"]
[EventDate "2021.12.28"]
[EventType "swiss (blitz)"]
[EventRounds "11"]
[EventCountry "USA"]
[SourceTitle "CBM 206 Extra"]
[Source "ChessBase"]
[SourceDate "2022.03.31"]
[SourceVersion "1"]
[SourceVersionDate "2022.03.31"]
[SourceQuality "1"]

1. e4 c5 2. Nf3 d6 3. d4 cxd4 4. Nxd4 Nf6 5. Nc3 a6 6. h3 e6 7. g4 h6 8. Bg2 Qc7 9. Be3 Nc6 10. Qd2 Bd7 11. f4 Nxd4 12. Bxd4 e5 13. fxe5 dxe5 14. Be3 Bc6 15. a3 Rd8 16. Qf2 Rc8 17. 0-0 Be7 18. Rad1 b5 19. g5 hxg5 20. Bxg5 Qb7 21. Nd5 Bxd5 22. exd5 Bc5 23. Be3 Bd6 24. Rfe1 0-0 25. Bg5 Nh5 26. Kh1 Qc7 27. c3 f5 28. Qh4 g6 29. Bh6 Rf7 30. Bf3 Qc4 31. Qxc4 Rxc4 32. Bxh5 gxh5 33. Rg1+ Kh7 34. Be3 f4 35. Bb6 e4 36. Rg5 Rg7 37. Rxh5+ Kg8 38. Bd4 Rxd4 39. Rxd4 e3 40. Re4 f3 41. Rxe3 f2 42. Re8+ Kf7 43. Rf5+ Kxe8 44. Rxf2 Rg3 45. Re2+ Kd7 46. h4 Rh3+ 47. Kg2 Rxh4 48. Kf3 Rf4+ 49. Ke3 Rf5 50. Kd4 Rf4+ 51. Ke3 Rh4 52. Kd3 Bc5 53. Rg2 Kd6 54. Rg6+ Kxd5 55. Rxa6 Rh3+ 56. Kc2 Kc4 57. Rg6 Rh2+ 58. Kb1 Kb3 59. Kc1 Be3+ 60. Kd1 Rxb2 61. Rg3 Bc5 62. Kc1 Rc2+ 63. Kd1 Rxc3 64. Rg5 Kxa3 65. Kd2 b4 66. Rg4 Kb2 67. Rg8 Rc2+ 68. Kd1 b3 69. Rc8 Rc1+ 70. Kd2 Be3+ 71. Kxe3 Rxc8 72. Kd3 Ka1 73. Kd4 b2 74. Kd5 b1Q 75. Kd6 Qb8+ 76. Kd7 Rc7+ 77. Ke6 Qb6+ 78. Kd5 Rc5+ 79. Kd4 Qb4+ 80. Kd3 Rc3+ 81. Kd2 Qb2+ 82. Kd1 Rc1# 0-1